000 00369pab a2200145 454500
008 180718b xxu||||| |||| 00| 0 eng d
100 _aHingorani N.H.
245 _aPoll panel ordinance: need for ammendment
362 _a8 Dec 93, p.13
650 _a Ordinance
650 _a Election Commissioner
650 _aElections
773 _aHindustan Times
909 _a25816
999 _c25816
_d25816